[Event "FISU World University"]
[Site "Tornelo INT"]
[Date "2020.10.26"]
[Round "3.30"]
[White "Tapia Alvarez, Alejandro"]
[Black "Moreno Bermudez, Jhon Jairo"]
[Result "0-1"]
[WhiteElo "1450"]
[BlackElo "1839"]
[PlyCount "94"]
[EventDate "2020.10.26"]
[EventType "team-swiss (rapid)"]
[EventRounds "9"]
[EventCountry "NET"]
[SourceTitle "CBM 199 Extra"]
[Source "ChessBase"]
[SourceDate "2021.01.31"]
[SourceVersion "1"]
[SourceVersionDate "2021.01.31"]
[SourceQuality "1"]
[WhiteTeam "Costa Rica III"]
[BlackTeam "Colombia IV"]
[WhiteTeamCountry "CRI"]
[BlackTeamCountry "COL"]

1. Nf3 Nf6 2. g3 d5 3. Bg2 Bf5 4. 0-0 c6 5. d3 h6 6. Nbd2 Bh7 7. b3 e6 8. Bb2 Nbd7 9. Re1 Be7 10. e4 0-0 11. a4 a5 12. Qe2 Re8 13. Rac1 Nc5 14. e5 Nfd7 15. d4 Ne4 16. Nxe4 Bxe4 17. Nd2 Bxg2 18. Kxg2 Rb8 19. Rb1 b5 20. axb5 cxb5 21. Bc1 Bb4 22. Rd1 Qc7 23. Nf3 Rec8 24. Rb2 a4 25. Bd2 Bxd2 26. Qxd2 a3 27. Ra2 b4 28. Ne1 f6 29. exf6 Nxf6 30. Nd3 Ne4 31. Qe1 Qb6 32. Rc1 Qxd4 33. Qe3 Qxe3 34. fxe3 Nc5 35. Nxc5 Rxc5 36. Kf3 Rc3 37. Ke2 Rbc8 38. Kd2 e5 39. Rf1 d4 40. exd4 exd4 41. Rf4 d3 42. cxd3 Rxb3 43. d4 g5 44. Rf1 Rd8 45. Kc2 Rc3+ 46. Kb1 Rxd4 47. Rf6 Rd1# 0-1

[Event "San Jose subzonal 2.3c"]
[Site "San Jose"]
[Date "2018.03.25"]
[Round "1"]
[White "Solis, Efren"]
[Black "Tapia Alvarez, Alejandro"]
[Result "1-0"]
[WhiteElo "2037"]
[BlackElo "1450"]
[PlyCount "81"]
[EventDate "2018.03.25"]
[EventType "swiss"]
[EventRounds "9"]
[EventCountry "CRI"]
[SourceTitle "EXT 2019"]
[Source "ChessBase"]
[SourceDate "2018.10.10"]
[SourceVersion "1"]
[SourceVersionDate "2018.10.10"]
[SourceQuality "1"]

1. e4 d5 2. e5 c5 3. f4 Bf5 4. d3 e6 5. Be3 Be7 6. Nf3 Nc6 7. Bf2 Nh6 8. h3 b6 9. Nbd2 f6 10. g4 Bg6 11. exf6 gxf6 12. Bg2 Qc7 13. Qe2 Bf7 14. 0-0 Rg8 15. c3 0-0-0 16. d4 c4 17. Be3 Nxg4 18. hxg4 Rxg4 19. Nh2 Rg7 20. Kh1 Rdg8 21. Rg1 f5 22. Bh3 Qd8 23. Rxg7 Rxg7 24. Rg1 Qg8 25. Rxg7 Qxg7 26. Nhf3 Bh5 27. Qh2 h6 28. Bg2 Bg4 29. b3 b5 30. Qg3 Qg6 31. bxc4 bxc4 32. Kg1 Qh5 33. Qe1 Bh3 34. Bf2 Bxg2 35. Kxg2 Qg4+ 36. Kf1 Kd7 37. Be3 h5 38. Qb1 Qh3+ 39. Ke2 Bh4 40. Qb7+ Kd6 41. Ne5 1-0

[Event "San Jose subzonal 2.3c"]
[Site "San Jose"]
[Date "2018.03.25"]
[Round "2"]
[White "Tapia Alvarez, Alejandro"]
[Black "Pomarez Soza, Gerley Abraham"]
[Result "0-1"]
[WhiteElo "1450"]
[BlackElo "1776"]
[PlyCount "52"]
[EventDate "2018.03.25"]
[EventType "swiss"]
[EventRounds "9"]
[EventCountry "CRI"]
[SourceTitle "EXT 2019"]
[Source "ChessBase"]
[SourceDate "2018.10.10"]
[SourceVersion "1"]
[SourceVersionDate "2018.10.10"]
[SourceQuality "1"]

1. Nf3 d6 2. g3 f5 3. Bg2 Nf6 4. 0-0 g6 5. d3 Bg7 6. Nbd2 0-0 7. Rb1 c6 8. e4 e5 9. b3 Na6 10. Bb2 fxe4 11. Nxe4 Nxe4 12. dxe4 Bg4 13. h3 Be6 14. Qd2 Qe7 15. Qe3 Rad8 16. Rbd1 c5 17. c4 Nb4 18. Rd2 Nc6 19. Rd3 a6 20. Qg5 Bf6 21. Qh6 Nd4 22. Bc1 b5 23. cxb5 axb5 24. Ng5 Ne2+ 25. Kh2 Nxc1 26. Nxe6 Nxd3 0-1